Red Animals by Picture - Statistics

General Stats
  • This quiz has been taken 29 times
  • The average score is 7 of 14
Answer Stats
Picture Answer % Correct
Lady bird
85%
Northern cardinal
85%
Red panda
85%
Red squirrel
85%
Red fox
77%
Red deer
54%
Red kangaroo
54%
Red kite
35%
Red snapper
27%
Scarlet ibis
23%
Scarlet macaw
23%
Red ruffed lemur
19%
Red lory
12%
Strawberry poison dart frog
12%
No matching quizzes found
Score Distribution
Percent of People with Each Score
Percentile by Number Answered
Your Score History
You have not taken this quiz